[Event "GER Cup Net V2 U2400"]
[Site "Playchess.com INT"]
[Date "2020.05.22"]
[Round "5"]
[White "Goessling, Guido"]
[Black "Peschlow, Patrick"]
[Result "1-0"]
[WhiteElo "2055"]
[BlackElo "2142"]
[PlyCount "84"]
[EventDate "2020.05.22"]
[EventType "swiss (blitz)"]
[EventRounds "9"]
[EventCountry "GER"]
[SourceTitle "EXT 2021"]
[Source "ChessBase"]
[SourceDate "2020.10.23"]
[SourceVersion "1"]
[SourceVersionDate "2020.10.23"]
[SourceQuality "1"]

1. d4 Nf6 2. Nc3 d5 3. Bf4 g6 4. h4 Bg7 5. e3 c6 6. Bd3 Nbd7 7. Nf3 b5 8. Ne5 Nxe5 9. Bxe5 h5 10. Qd2 a5 11. 0-0 0-0 12. Rae1 e6 13. e4 Ng4 14. Bxg7 Qxh4 15. Be5 Nxe5 16. dxe5 d4 17. Ne2 Rd8 18. Qf4 Qxf4 19. Nxf4 Rb8 20. Rd1 c5 21. Rfe1 Ba6 22. Bf1 Rb7 23. c3 Rbd7 24. cxd4 Rxd4 25. Be2 Bb7 26. f3 Rd2 27. Rxd2 Rxd2 28. Rd1 Rxb2 29. Rd8+ Kg7 30. Rb8 Bc6 31. Rb6 Ba8 32. Rxb5 Rxa2 33. Rxc5 a4 34. Ra5 Bc6 35. Ra6 Be8 36. Bc4 Ra1+ 37. Kf2 a3 38. Ke3 h4 39. Kd4 g5 40. Nh5+ Kg6 41. Nf6 Rd1+ 42. Kc5 a2 1-0

[Event "GER Cup Net V2 U2400"]
[Site "Playchess.com INT"]
[Date "2020.05.22"]
[Round "3"]
[White "Peschlow, Patrick"]
[Black "Namyslo, Holger"]
[Result "1-0"]
[WhiteElo "2142"]
[BlackElo "1948"]
[PlyCount "115"]
[EventDate "2020.05.22"]
[EventType "swiss (blitz)"]
[EventRounds "9"]
[EventCountry "GER"]
[SourceTitle "EXT 2021"]
[Source "ChessBase"]
[SourceDate "2020.10.23"]
[SourceVersion "1"]
[SourceVersionDate "2020.10.23"]
[SourceQuality "1"]

1. f4 e5 2. fxe5 d6 3. d3 dxe5 4. Nf3 Nc6 5. e4 Bc5 6. Nc3 Nf6 7. Bg5 Be6 8. Qd2 h6 9. Be3 Qe7 10. 0-0-0 0-0-0 11. Kb1 Ng4 12. Bg1 Bxg1 13. Rxg1 Qc5 14. h3 Nf6 15. Be2 Nd4 16. Rgf1 Qa5 17. a3 Rd6 18. Nxd4 exd4 19. Na2 Qxd2 20. Rxd2 Rb6 21. Nc1 c5 22. Bf3 Rd8 23. Ne2 c4 24. dxc4 Bxc4 25. Rfd1 d3 26. cxd3 Bb3 27. Rc1+ Kb8 28. d4 Ne8 29. Rc3 Ba4 30. d5 Nd6 31. Nd4 Re8 32. Re2 a6 33. e5 Nb5 34. Nxb5 Bxb5 35. Ree3 Ka7 36. Rc7 f5 37. g4 f4 38. Re1 g5 39. Kc1 Ba4 40. b4 a5 41. bxa5 Rb3 42. Bh1 Rxa3 43. d6 Ra1+ 44. Kd2 Rxe1 45. Kxe1 Rxe5+ 46. Kf2 Re3 47. Rxb7+ Ka6 48. d7 Rd3 49. Rb6+ Kxa5 50. Rxh6 Rxd7 51. h4 gxh4 52. Rxh4 Rd2+ 53. Kf3 Bc6+ 54. Kxf4 Bxh1 55. Rxh1 Kb5 56. Rc1 Rd8 57. g5 Rg8 58. Kg4 1-0

[Event "GER-ch Net Amateur Gr-A Final"]
[Site "Playchess.com INT"]
[Date "2020.04.18"]
[Round "9"]
[White "Bashilin, Roman"]
[Black "Peschlow, Patrick"]
[Result "1-0"]
[WhiteElo "2319"]
[BlackElo "2175"]
[PlyCount "55"]
[EventDate "2020.04.18"]
[EventType "swiss (blitz)"]
[EventRounds "13"]
[EventCountry "GER"]
[SourceTitle "CBM 195 Extra"]
[Source "ChessBase"]
[SourceDate "2020.05.31"]
[SourceVersion "1"]
[SourceVersionDate "2020.05.31"]
[SourceQuality "1"]

1. d4 Nf6 2. Nf3 g6 3. Bf4 Bg7 4. e3 d5 5. h3 0-0 6. Be2 Nc6 7. 0-0 Ne4 8. Nbd2 Nxd2 9. Qxd2 Re8 10. c4 e5 11. dxe5 Nxe5 12. cxd5 c6 13. Rfd1 cxd5 14. Qxd5 Qxd5 15. Rxd5 Nxf3+ 16. Bxf3 Bxb2 17. Rb1 Bg7 18. Rdb5 Bf5 19. Rd1 Be4 20. Bxe4 Rxe4 21. Rxb7 Ra4 22. Rdd7 Rxa2 23. Rxf7 Bc3 24. Rxh7 Ra6 25. e4 Re6 26. e5 a5 27. Rbg7+ Kf8 28. Bh6 1-0

[Event "GER-ch Net Amateur Gr-A Final"]
[Site "Playchess.com INT"]
[Date "2020.04.18"]
[Round "2"]
[White "Peschlow, Patrick"]
[Black "Promyshlyanskiy, Vitaliy"]
[Result "1-0"]
[WhiteElo "2175"]
[BlackElo "2032"]
[PlyCount "48"]
[EventDate "2020.04.18"]
[EventType "swiss (blitz)"]
[EventRounds "13"]
[EventCountry "GER"]
[SourceTitle "CBM 195 Extra"]
[Source "ChessBase"]
[SourceDate "2020.05.31"]
[SourceVersion "1"]
[SourceVersionDate "2020.05.31"]
[SourceQuality "1"]

1. f4 g6 2. Nf3 Bg7 3. e3 d6 4. Be2 Nd7 5. 0-0 e5 6. d3 f5 7. Nc3 Ngf6 8. e4 fxe4 9. dxe4 exf4 10. Bxf4 Nh5 11. Bg5 Bf6 12. Bh6 Bg7 13. Qd2 Ndf6 14. Bc4 Qe7 15. Rae1 Bxh6 16. Qxh6 Ng4 17. Qd2 Be6 18. Nd5 Bxd5 19. exd5 Ne5 20. Nxe5 dxe5 21. Bb5+ Kd8 22. Qc3 a6 23. Rxe5 Qd6 24. Re6 axb5 1-0

[Event "GER-ch Net Amateur Gr-A Vor3"]
[Site "Playchess.com INT"]
[Date "2020.04.16"]
[Round "2"]
[White "Loehr, Markus"]
[Black "Peschlow, Patrick"]
[Result "1-0"]
[WhiteElo "1996"]
[BlackElo "2225"]
[PlyCount "57"]
[EventDate "2020.04.16"]
[EventType "swiss (blitz)"]
[EventRounds "9"]
[EventCountry "GER"]
[SourceTitle "CBM 195 Extra"]
[Source "ChessBase"]
[SourceDate "2020.05.31"]
[SourceVersion "1"]
[SourceVersionDate "2020.05.31"]
[SourceQuality "1"]

1. d4 Nf6 2. c4 g6 3. Nc3 d5 4. cxd5 Nxd5 5. e4 Nxc3 6. bxc3 Bg7 7. Be3 c5 8. Rc1 Qa5 9. Qd2 b6 10. d5 0-0 11. Nf3 Nd7 12. Bh6 Nf6 13. Bd3 e6 14. d6 Ba6 15. Bxg7 Kxg7 16. e5 Nd7 17. 0-0 Bxd3 18. Qxd3 c4 19. Qe3 Rac8 20. Rfe1 Qc5 21. Qf4 f6 22. exf6+ Rxf6 23. Qh4 Qxd6 24. Rcd1 Qe7 25. Ng5 Nf8 26. Re3 Rf5 27. Nxe6+ Qxe6 28. Rxe6 Nxe6 29. Qe7+ 1-0

[Event "BL2-West 1920"]
[Site "Germany"]
[Date "2020.01.19"]
[Round "5.7"]
[White "Mueller, Marco"]
[Black "Peschlow, Patrick"]
[Result "1/2-1/2"]
[WhiteElo "2224"]
[BlackElo "2328"]
[PlyCount "85"]
[EventDate "2019.09.19"]
[EventType "team-tourn"]
[EventRounds "9"]
[EventCountry "GER"]
[SourceTitle "EXT 2023"]
[Source "ChessBase"]
[SourceDate "2022.10.05"]
[SourceVersion "1"]
[SourceVersionDate "2022.10.05"]
[SourceQuality "1"]
[WhiteTeam "Schott Mainz"]
[BlackTeam "Koeln Porz"]
[WhiteTeamCountry "GER"]
[BlackTeamCountry "GER"]

1. c4 Nf6 2. Nf3 g6 3. b3 Bg7 4. Bb2 0-0 5. g3 c5 6. Bg2 d6 7. 0-0 e5 8. Nc3 Nc6 9. d3 Nh5 10. Nd2 Be6 11. Nd5 Qd7 12. a3 Bh3 13. e4 Bxg2 14. Kxg2 Ne7 15. b4 f5 16. f3 Rf7 17. bxc5 dxc5 18. Bc3 Nc6 19. Rb1 Raf8 20. Rb5 Qd6 21. Qe2 Nf6 22. Rfb1 b6 23. a4 Bh6 24. R1b2 fxe4 25. Nxe4 Nxe4 26. fxe4 Bg5 27. Qg4 Bd8 28. Ra2 h5 29. Qh3 Rh7 30. Rf2 g5 31. Rxf8+ Qxf8 32. Qe6+ Qf7 33. Qxf7+ Rxf7 34. Rb2 g4 35. Rf2 Rxf2+ 36. Kxf2 Bg5 37. Kg2 Kf7 38. h3 gxh3+ 39. Kxh3 Kg6 40. g4 Bc1 41. Kh4 Bg5+ 42. Kh3 Bc1 43. Kh4 1/2-1/2

[Event "Oberliga NRW 1718"]
[Site "Germany"]
[Date "2018.03.11"]
[Round "7.1"]
[White "Peschlow, Patrick"]
[Black "Savchenko, Viacheslav"]
[Result "0-1"]
[WhiteElo "2312"]
[BlackElo "2372"]
[PlyCount "64"]
[EventDate "2017.09.17"]
[EventType "team-tourn"]
[EventRounds "9"]
[EventCountry "GER"]
[SourceTitle "EXT 2019"]
[Source "ChessBase"]
[SourceDate "2018.10.10"]
[SourceVersion "1"]
[SourceVersionDate "2018.10.10"]
[SourceQuality "1"]
[WhiteTeam "Koeln Porz II"]
[BlackTeam "Wuppertal Bahn"]
[WhiteTeamCountry "GER"]
[BlackTeamCountry "GER"]

1. e4 c5 2. Nc3 a6 3. f4 b5 4. g3 Bb7 5. Bg2 e6 6. d3 d5 7. Qe2 Be7 8. Nf3 Nf6 9. e5 Nfd7 10. 0-0 g6 11. Bd2 Nc6 12. a4 Nb4 13. Be1 bxa4 14. Nxa4 Qc7 15. c3 Nc6 16. Bf2 Rb8 17. Rfe1 Na5 18. c4 Nb3 19. Ra3 dxc4 20. dxc4 Bc6 21. Nc3 Qb7 22. Ne4 0-0 23. Nfg5 Bxg5 24. fxg5 Bxe4 25. Bxe4 Qb6 26. Bg2 Nd4 27. Qe4 Rfc8 28. Rea1 Qxb2 29. Rxa6 Nxe5 30. R6a2 Qc3 31. Ra3 Rb3 32. Ra8 Rcb8 0-1

[Event "Oberliga NRW 1415"]
[Site "Germany"]
[Date "2015.03.22"]
[Round "8.2"]
[White "Haub, Thorsten Michael"]
[Black "Peschlow, Patrick"]
[Result "1-0"]
[WhiteElo "2349"]
[BlackElo "2324"]
[PlyCount "77"]
[EventDate "2014.09.14"]
[EventType "team-tourn"]
[EventRounds "9"]
[EventCountry "GER"]
[SourceTitle "EXT 2017"]
[Source "ChessBase"]
[SourceDate "2016.10.25"]
[SourceVersion "1"]
[SourceVersionDate "2016.10.25"]
[SourceQuality "1"]
[WhiteTeam "Plettenberg"]
[BlackTeam "Koeln Porz II"]
[WhiteTeamCountry "GER"]
[BlackTeamCountry "GER"]

1. g3 g6 2. Bg2 Bg7 3. e4 c5 4. c3 Nc6 5. d3 d6 6. Nf3 e5 7. 0-0 Nge7 8. Nbd2 0-0 9. Nh4 Be6 10. f4 Qd7 11. Ndf3 d5 12. Qc2 f6 13. fxe5 dxe4 14. dxe4 Nxe5 15. Nxe5 fxe5 16. Be3 Qc7 17. Rxf8+ Rxf8 18. Nf3 h6 19. Nd2 Nc8 20. Nf1 Rd8 21. Bf2 b5 22. Ne3 Nb6 23. Nd5 Nxd5 24. exd5 Bxd5 25. Bxd5+ Rxd5 26. Qxg6 Qd7 27. Re1 Rd2 28. Rxe5 Rd1+ 29. Re1 Qd2 30. Qe6+ Kh7 31. Qe4+ Kh8 32. Rxd1 Qxd1+ 33. Kg2 Qd2 34. Qe8+ Kh7 35. Qxb5 Qd5+ 36. Kg1 Qxa2 37. Qb7 Qa5 38. Kg2 Kh8 39. Qc8+ 1-0

[Event "Oberliga NRW 1415"]
[Site "Germany"]
[Date "2015.03.01"]
[Round "7.4"]
[White "Peschlow, Patrick"]
[Black "Franke, Johannes"]
[Result "1/2-1/2"]
[WhiteElo "2344"]
[BlackElo "2279"]
[PlyCount "119"]
[EventDate "2014.09.14"]
[EventType "team-tourn"]
[EventRounds "9"]
[EventCountry "GER"]
[SourceTitle "EXT 2017"]
[Source "ChessBase"]
[SourceDate "2016.10.25"]
[SourceVersion "1"]
[SourceVersionDate "2016.10.25"]
[SourceQuality "1"]
[WhiteTeam "Wattenscheid"]
[BlackTeam "Koeln Porz II"]
[WhiteTeamCountry "GER"]
[BlackTeamCountry "GER"]

1. e4 c6 2. d4 d5 3. Nd2 dxe4 4. Nxe4 Nf6 5. Nxf6+ gxf6 6. c3 Bf5 7. Nf3 e6 8. g3 Bg7 9. Bg2 0-0 10. 0-0 Be4 11. Re1 f5 12. Bf1 Bxf3 13. Qxf3 Qd5 14. Qe2 Qd8 15. Be3 Nd7 16. Bg2 Qf6 17. Rad1 Rfd8 18. c4 Nb6 19. b3 Rd7 20. a4 Rad8 21. a5 Nc8 22. a6 Ne7 23. axb7 Rxb7 24. Rd3 Rbd7 25. Red1 Qg6 26. f4 Bf6 27. Qf2 a6 28. Qa2 Qg7 29. Qxa6 Qg4 30. Qa5 h5 31. Bf2 h4 32. Qe1 h3 33. Bf3 Qg7 34. Qe3 Ra8 35. b4 Ra4 36. d5 cxd5 37. cxd5 Rxb4 38. dxe6 Rxd3 39. Rxd3 fxe6 40. Qxe6+ Qf7 41. Qxf7+ Kxf7 42. Be3 Kg6 43. Kf2 Ng8 44. g4 Bh4+ 45. Ke2 Rb2+ 46. Bd2 fxg4 47. Bxg4 Nf6 48. Rxh3 Nxg4 49. Rxh4 Nf6 50. Kd3 Ra2 51. Rh8 Ra3+ 52. Kd4 Ra4+ 53. Ke3 Ra3+ 54. Ke2 Kf5 55. Rh6 Ra2 56. Kd3 Ra3+ 57. Ke2 Ra2 58. Rh3 Ne4 59. Rd3 Nxd2 60. Rxd2 1/2-1/2

[Event "Oberliga NRW 1415"]
[Site "Germany"]
[Date "2014.12.14"]
[Round "4.4"]
[White "Himpenmacher, Andy"]
[Black "Peschlow, Patrick"]
[Result "1/2-1/2"]
[WhiteElo "2115"]
[BlackElo "2324"]
[PlyCount "95"]
[EventDate "2014.09.14"]
[EventType "team-tourn"]
[EventRounds "9"]
[EventCountry "GER"]
[SourceTitle "EXT 2017"]
[Source "ChessBase"]
[SourceDate "2016.10.25"]
[SourceVersion "1"]
[SourceVersionDate "2016.10.25"]
[SourceQuality "1"]
[WhiteTeam "Lieme"]
[BlackTeam "Koeln Porz II"]
[WhiteTeamCountry "GER"]
[BlackTeamCountry "GER"]

1. e4 c5 2. Nc3 a6 3. g3 b5 4. Bg2 Bb7 5. d3 e6 6. Nf3 d6 7. 0-0 Be7 8. Re1 Nf6 9. e5 dxe5 10. Nxe5 Qb6 11. a4 Bxg2 12. Kxg2 Qb7+ 13. Qf3 Qxf3+ 14. Kxf3 b4 15. Ne4 Nfd7 16. Nc4 Nc6 17. Be3 f5 18. Ned2 Kf7 19. Kg2 g5 20. Nb3 e5 21. f3 h5 22. Bf2 Rh6 23. a5 Rb8 24. Nb6 Nxb6 25. axb6 Rxb6 26. Bxc5 Bxc5 27. Nxc5 a5 28. Re2 Rb5 29. Nb3 Rd6 30. Kf2 Kf6 31. Nd2 Nd4 32. Nc4 Ra6 33. Rd2 a4 34. h3 Rb7 35. Re1 a3 36. bxa3 bxa3 37. Ra1 Rba7 38. Ne3 Ke6 39. Ra2 f4 40. gxf4 gxf4 41. Nc4 Rg7 42. c3 Nb3 43. Rd1 Rg3 44. h4 Rh3 45. Kg2 Rg3+ 46. Kf2 Rh3 47. Kg2 Rg3+ 48. Kf2 1/2-1/2

[Event "Oberliga NRW 1415"]
[Site "Germany"]
[Date "2014.09.14"]
[Round "1.3"]
[White "Ludwig, Peter"]
[Black "Peschlow, Patrick"]
[Result "0-1"]
[WhiteElo "2177"]
[BlackElo "2324"]
[PlyCount "80"]
[EventDate "2014.09.14"]
[EventType "team-tourn"]
[EventRounds "9"]
[EventCountry "GER"]
[SourceTitle "EXT 2017"]
[Source "ChessBase"]
[SourceDate "2016.10.25"]
[SourceVersion "1"]
[SourceVersionDate "2016.10.25"]
[SourceQuality "1"]
[WhiteTeam "Koeln SF"]
[BlackTeam "Koeln Porz II"]
[WhiteTeamCountry "GER"]
[BlackTeamCountry "GER"]

1. Nf3 Nf6 2. c4 g6 3. Nc3 d5 4. cxd5 Nxd5 5. g3 Bg7 6. Bg2 0-0 7. 0-0 Nc6 8. Nxd5 Qxd5 9. d3 Qb5 10. Rb1 Be6 11. b3 Nb4 12. Qd2 c5 13. Bb2 Rac8 14. a3 Nc6 15. Bxg7 Kxg7 16. Ng5 Bf5 17. Rfc1 b6 18. h4 f6 19. Ne4 Rfd8 20. Qb2 e5 21. Nc3 Qa6 22. b4 Nd4 23. b5 Qa5 24. e3 Bxd3 25. exd4 cxd4 26. Nd5 Bxb1 27. Rxb1 Rc5 28. Qb3 Rd7 29. a4 Qd2 30. Nb4 d3 31. Qe6 Rc1+ 32. Kh2 Rxb1 33. Qxd7+ Kh6 34. Nd5 Qxf2 35. Ne7 Qa2 36. Qe8 Rb2 37. Ng8+ Kg7 38. Nxf6 Rxg2+ 39. Kh3 Rh2+ 40. Kg4 Qe2+ 0-1

[Event "Maastricht Limburg op-A 8th"]
[Site "Maastricht"]
[Date "2014.06.07"]
[Round "2"]
[White "Peschlow, Patrick"]
[Black "Stiefel, Roland"]
[Result "1-0"]
[WhiteElo "2351"]
[BlackElo "2035"]
[PlyCount "81"]
[EventDate "2014.06.06"]
[EventType "swiss"]
[EventRounds "7"]
[EventCountry "NED"]
[SourceTitle "CBM 160 Extra"]
[Source "ChessBase"]
[SourceDate "2014.07.01"]
[SourceVersion "1"]
[SourceVersionDate "2014.07.01"]
[SourceQuality "1"]

1. e4 c5 2. Nc3 a6 3. Nf3 e6 4. d4 cxd4 5. Nxd4 Qc7 6. Bd3 Nf6 7. f4 d6 8. Qf3 Nbd7 9. g4 g6 10. Bd2 Bg7 11. g5 Nh5 12. Nde2 b5 13. Ng3 Nxg3 14. hxg3 Bb7 15. a3 Nc5 16. Qe2 Nxd3+ 17. cxd3 Rc8 18. Rd1 Qc5 19. b4 Qb6 20. Rc1 Kd7 21. Nd1 Rc6 22. Be3 Qc7 23. Rxc6 Qxc6 24. Qf2 Ke7 25. Bd4 e5 26. fxe5 dxe5 27. Rf1 Qe6 28. Bc5+ Ke8 29. Bd6 Bf8 30. Bxe5 Rg8 31. Qf6 Be7 32. Qxe6 fxe6 33. Bf6 Bd6 34. Rh1 Bxg3+ 35. Ke2 Kd7 36. Rxh7+ Kc6 37. Nc3 Bc7 38. d4 Bc8 39. Kd3 a5 40. d5+ exd5 41. exd5+ 1-0

[Event "Oberliga NRW 1314"]
[Site "Germany"]
[Date "2014.03.09"]
[Round "7.5"]
[White "Peschlow, Patrick"]
[Black "Kusnetsov, Mark"]
[Result "1-0"]
[WhiteElo "2306"]
[BlackElo "2175"]
[PlyCount "63"]
[EventDate "2013.09.15"]
[EventType "team-tourn"]
[EventRounds "9"]
[EventCountry "GER"]
[SourceTitle "EXT 2015"]
[Source "ChessBase"]
[SourceDate "2014.11.20"]
[SourceVersion "1"]
[SourceVersionDate "2014.11.20"]
[SourceQuality "1"]
[WhiteTeam "Koeln Porz II"]
[BlackTeam "Castrop Rauxel"]
[WhiteTeamCountry "GER"]
[BlackTeamCountry "GER"]

1. e4 e5 2. Nf3 Nf6 3. Nxe5 d6 4. Nf3 Nxe4 5. d4 d5 6. Bd3 Bd6 7. 0-0 0-0 8. c4 c6 9. cxd5 cxd5 10. Nc3 Nxc3 11. bxc3 Nd7 12. Re1 Qc7 13. Qc2 h6 14. h3 Nb6 15. Ne5 Nc4 16. Nxc4 dxc4 17. Be4 Bd7 18. Rb1 Rab8 19. Qe2 Rfe8 20. Qh5 Bc6 21. d5 Re5 22. Qd1 Bd7 23. Bf3 b5 24. Be3 b4 25. Bd4 Rxe1+ 26. Qxe1 Bf5 27. Rxb4 Bxb4 28. cxb4 a5 29. a3 axb4 30. axb4 Qf4 31. Qc3 Be4 32. Be5 1-0

[Event "BL2-West 1314"]
[Site "Germany"]
[Date "2014.01.19"]
[Round "5.8"]
[White "Peschlow, Patrick"]
[Black "Luetke, Jens"]
[Result "0-1"]
[WhiteElo "2334"]
[BlackElo "2282"]
[PlyCount "104"]
[EventDate "2013.10.13"]
[EventType "team-tourn"]
[EventRounds "9"]
[EventCountry "GER"]
[SourceTitle "EXT 2015"]
[Source "ChessBase"]
[SourceDate "2014.11.20"]
[SourceVersion "1"]
[SourceVersionDate "2014.11.20"]
[SourceQuality "1"]
[WhiteTeam "Koeln Porz"]
[BlackTeam "Godesberg"]
[WhiteTeamCountry "GER"]
[BlackTeamCountry "GER"]

1. e4 e5 2. Nf3 Nc6 3. Nc3 Nf6 4. g3 Bc5 5. Bg2 d6 6. d3 a6 7. 0-0 Bg4 8. h3 Be6 9. Kh2 Qd7 10. Ng5 h5 11. Nd5 h4 12. Nxe6 fxe6 13. Nxf6+ gxf6 14. c3 0-0-0 15. b4 Bb6 16. g4 Rhg8 17. f4 f5 18. exf5 exf5 19. g5 Ne7 20. Qh5 c6 21. Qxh4 Ng6 22. Qg3 Rdf8 23. Kh1 exf4 24. Bxf4 d5 25. h4 Nxh4 26. Bh3 Ng6 27. Bd6 Rf7 28. d4 Bd8 29. Rf3 Rh7 30. Kg1 Rxh3 31. Qxh3 Qxd6 32. Rxf5 Qd7 33. Rf3 Qxh3 34. Rxh3 Nf4 35. Rf3 Rxg5+ 36. Kf1 Rh5 37. Kg1 Bc7 38. Raf1 Ne2+ 39. Kf2 Rh2+ 40. Ke1 Ng3 41. Rf8+ Bd8 42. Rg1 Re2+ 43. Kd1 Re3 44. Kd2 Rxc3 45. Re1 Rc4 46. Ree8 Rxb4 47. Rxd8+ Kc7 48. Rc8+ Kb6 49. Kc3 Rc4+ 50. Kd3 Ne4 51. Rb8 Nd6 52. Rf6 Nb5 0-1

[Event "Oberliga NRW 1314"]
[Site "Germany"]
[Date "2014.01.12"]
[Round "5.5"]
[White "Peschlow, Patrick"]
[Black "Franke, Johannes"]
[Result "1-0"]
[WhiteElo "2306"]
[BlackElo "2291"]
[PlyCount "93"]
[EventDate "2013.09.15"]
[EventType "team-tourn"]
[EventRounds "9"]
[EventCountry "GER"]
[SourceTitle "EXT 2015"]
[Source "ChessBase"]
[SourceDate "2014.11.20"]
[SourceVersion "1"]
[SourceVersionDate "2014.11.20"]
[SourceQuality "1"]
[WhiteTeam "Koeln Porz II"]
[BlackTeam "Wattenscheid II"]
[WhiteTeamCountry "GER"]
[BlackTeamCountry "GER"]

1. e4 c6 2. d4 d5 3. Nc3 dxe4 4. Nxe4 Nf6 5. Nxf6+ gxf6 6. c3 Bf5 7. Nf3 e6 8. g3 Nd7 9. Bg2 Bg7 10. 0-0 0-0 11. Nh4 Bg6 12. c4 Nb6 13. b3 f5 14. Be3 Re8 15. a4 f4 16. Bxf4 Bxd4 17. Ra2 e5 18. Rd2 c5 19. Be3 Rb8 20. Bxd4 exd4 21. f4 f5 22. Nxg6 hxg6 23. g4 Qf6 24. gxf5 Qxf5 25. Rd3 Re7 26. Bh3 Qf6 27. f5 g5 28. Rg3 Re3 29. Rxe3 dxe3 30. a5 Rd8 31. Qe2 Nd7 32. Qxe3 Qd4 33. Qxd4 cxd4 34. Bg2 Nc5 35. Bd5+ Kg7 36. f6+ Kf8 37. Rf5 Rd6 38. f7 d3 39. Re5 Rd8 40. Kf2 Nxb3 41. Rxg5 Ke7 42. Rg8 Rf8 43. h4 Nxa5 44. h5 d2 45. Ke2 Rxf7 46. Bxf7 Kxf7 47. Rg4 1-0

[Event "Oberliga NRW 1314"]
[Site "Germany"]
[Date "2013.11.17"]
[Round "3.5"]
[White "Peschlow, Patrick"]
[Black "Bonnmann, Reinhard"]
[Result "1-0"]
[WhiteElo "2306"]
[BlackElo "2189"]
[PlyCount "71"]
[EventDate "2013.09.15"]
[EventType "team-tourn"]
[EventRounds "9"]
[EventCountry "GER"]
[SourceTitle "EXT 2015"]
[Source "ChessBase"]
[SourceDate "2014.11.20"]
[SourceVersion "1"]
[SourceVersionDate "2014.11.20"]
[SourceQuality "1"]
[WhiteTeam "Koeln Porz II"]
[BlackTeam "Koeln SF"]
[WhiteTeamCountry "GER"]
[BlackTeamCountry "GER"]

1. e4 c5 2. Nc3 Nc6 3. Bb5 g6 4. Bxc6 bxc6 5. d3 d5 6. e5 Bg7 7. f4 Nh6 8. Nf3 0-0 9. 0-0 f6 10. Na4 fxe5 11. fxe5 Ng4 12. d4 cxd4 13. Qxd4 Rxf3 14. gxf3 Nxe5 15. Qh4 d4 16. Bf4 Bf5 17. Nc5 Qd5 18. Bxe5 Bxe5 19. Ne4 Re8 20. Rae1 Bg7 21. b3 e6 22. Rf2 Rf8 23. Kg2 Qa5 24. Ree2 h5 25. Ng3 Bf6 26. Qf4 g5 27. Qd6 Qd5 28. Qxd5 cxd5 29. Nxf5 exf5 30. Re6 Kf7 31. Ra6 d3 32. Rxa7+ Kg6 33. cxd3 Rc8 34. Rd7 g4 35. fxg4 fxg4 36. Rd6 1-0

[Event "Oberliga NRW 1213"]
[Site "Germany"]
[Date "2013.03.10"]
[Round "7.5"]
[White "Peschlow, Patrick"]
[Black "Franke, Johannes"]
[Result "1/2-1/2"]
[WhiteElo "2280"]
[BlackElo "2309"]
[PlyCount "99"]
[EventDate "2012.09.16"]
[EventType "team-tourn"]
[EventRounds "9"]
[EventCountry "GER"]
[SourceTitle "EXT 2017"]
[Source "ChessBase"]
[SourceDate "2016.10.25"]
[SourceVersion "1"]
[SourceVersionDate "2016.10.25"]
[SourceQuality "1"]
[WhiteTeam "Koeln Porz II"]
[BlackTeam "Bochum Wattenscheid II"]
[WhiteTeamCountry "GER"]
[BlackTeamCountry "GER"]

1. e4 c6 2. d4 d5 3. Nc3 dxe4 4. Nxe4 Nf6 5. Nxf6+ gxf6 6. c3 Bf5 7. Nf3 e6 8. g3 Nd7 9. Bg2 Bg7 10. 0-0 0-0 11. Re1 Re8 12. Nh4 Bg6 13. Be3 Nb6 14. Qc1 Nd5 15. Bh6 Qb6 16. Bxg7 Kxg7 17. Nxg6 hxg6 18. Qd2 Red8 19. Re4 Ne7 20. Qc2 Rd7 21. Qb3 Qa5 22. a4 Nf5 23. Qc2 Nd6 24. Rh4 Qg5 25. Re1 Qf5 26. Qxf5 exf5 27. Rf4 Nc4 28. Re2 c5 29. h4 cxd4 30. Rxd4 Rxd4 31. cxd4 Rd8 32. Bxb7 Rxd4 33. Ba6 Nd6 34. b3 Rb4 35. Re7 Rxb3 36. Rxa7 Ra3 37. Be2 g5 38. hxg5 fxg5 39. a5 g4 40. a6 Ra1+ 41. Kg2 Ra2 42. Rd7 Rxe2 43. Rxd6 Ra2 44. Kf1 Kh7 45. Rf6 Kg7 46. Rb6 Kh7 47. Rf6 Kg7 48. Rxf5 Kg6 49. Rf4 f5 50. f3 1/2-1/2

[Event "Oberliga NRW 1213"]
[Site "Germany"]
[Date "2012.09.16"]
[Round "1.6"]
[White "Peschlow, Patrick"]
[Black "Heisel, Guido"]
[Result "1-0"]
[WhiteElo "2280"]
[BlackElo "2161"]
[PlyCount "57"]
[EventDate "2012.09.16"]
[EventType "team-tourn"]
[EventRounds "9"]
[EventCountry "GER"]
[SourceTitle "EXT 2017"]
[Source "ChessBase"]
[SourceDate "2016.10.25"]
[SourceVersion "1"]
[SourceVersionDate "2016.10.25"]
[SourceQuality "1"]
[WhiteTeam "Koeln Porz II"]
[BlackTeam "Duisburg PSV"]
[WhiteTeamCountry "GER"]
[BlackTeamCountry "GER"]

1. e4 g6 2. d4 Bg7 3. Nc3 c5 4. Nf3 Qa5 5. Be3 Nf6 6. Qd2 cxd4 7. Nxd4 Nc6 8. f3 d6 9. 0-0-0 Bd7 10. Kb1 Rc8 11. g4 h5 12. g5 Nh7 13. h4 Nf8 14. f4 Ne6 15. Nb3 Bxc3 16. bxc3 Qa4 17. f5 Nc7 18. Nc5 Qa3 19. Nxd7 Kxd7 20. fxg6 fxg6 21. Bh3+ Kd8 22. Bd4 Nb5 23. Bxh8 e5 24. Ka1 Ncd4 25. cxd4 Nc3 26. Be6 Kc7 27. Rh3 Kb8 28. Rxc3 Rxc3 29. dxe5 1-0

[Event "Oberliga NRW 1112"]
[Site "Germany"]
[Date "2011.11.13"]
[Round "3.6"]
[White "Kuipers, Stefan"]
[Black "Peschlow, Patrick"]
[Result "1-0"]
[WhiteElo "2438"]
[BlackElo "2280"]
[PlyCount "65"]
[EventDate "2011.09.18"]
[EventType "team-tourn"]
[EventRounds "9"]
[EventCountry "GER"]
[SourceTitle "EXT 2015"]
[Source "ChessBase"]
[SourceDate "2014.11.20"]
[SourceVersion "1"]
[SourceVersionDate "2014.11.20"]
[SourceQuality "1"]
[WhiteTeam "Emsdetten Turm II"]
[BlackTeam "Koeln Porz II"]
[WhiteTeamCountry "GER"]
[BlackTeamCountry "GER"]

1. e4 c5 2. Nf3 Nc6 3. Bb5 Nf6 4. Nc3 g6 5. h3 Bg7 6. e5 Ng8 7. Bxc6 dxc6 8. d3 Nh6 9. g4 f5 10. Bxh6 Bxh6 11. g5 Bg7 12. Qe2 Be6 13. Qe3 Qa5 14. Nd2 h6 15. gxh6 Bxh6 16. f4 Qb4 17. Ne2 Qxb2 18. Kf2 Qxc2 19. Rac1 Qa4 20. Rhg1 Rg8 21. Rxc5 g5 22. Qf3 g4 23. hxg4 fxg4 24. Qe3 Rf8 25. Ne4 Rd8 26. Rh1 Bg7 27. Rh7 b6 28. Rxg7 bxc5 29. Qxc5 Rf7 30. Nf6+ exf6 31. Rg8+ Kd7 32. Qd6+ Kc8 33. Rxd8+ 1-0